| 000 | 01363nam a2200253Ia 4500 | ||
|---|---|---|---|
| 999 |
_c39381 _d39381 |
||
| 001 | 5970 | ||
| 003 | GE_BSU | ||
| 005 | 20191030170936.0 | ||
| 008 | 181216s2012||||ge |||||||||||||| ||geo|| | ||
| 020 | _a9789943199396 | ||
| 040 | _cGE_BSU | ||
| 041 | _ageo | ||
| 080 | _a342(479.22) დ-32 | ||
| 100 |
_aდემეტრაშვილი, ავთანდილ _9162 |
||
| 245 |
_a2009/2010 წლის კონსტიტუციური რეფორმა საქართველოში / _cავთანდილ დემეტრაშვილი ; რედ. მალხაზ ნაკაშიძე. |
||
| 264 |
_aბათუმი : _bთვალსაზრისი, _c2012. |
||
| 300 |
_a478 გვ. ; _b24 სმ. |
||
| 490 | _aსაქართველოს კონსტიტუციური ქრონიკები | ||
| 501 | _aდანართები: გვ. 40-478. | ||
| 653 | _aკონსტიტუციური რეფორმა საქართველოში | ||
| 700 |
_aნაკაშიძე, მალხაზ _eრედაქტორი _92936 |
||
| 710 |
_aკონსტიტუციონალიზმის კვლევისა და ხელშეწყობის რეგიონალური ცენტრი _95129 |
||
| 942 |
_cBK _2udc |
||